000 00948aam a2200313 i 4500
001 768714001
003 CO-MdFUSB
005 20250516102436.0
007 ta
008 250515t1984 njua|||| |||| 00| 0 eng d
020 _a0-87193-214-8
040 _cCO-MdFUSB
041 0 _aeng
082 0 4 _a248.2
_223
_bB4155e
100 1 _aBeesing, María
_eautor
245 1 0 _aThe enneagram :
_ba journey of self discovery
_c/ Maria Beesing , Robert J. Nogosek , Patrick H. O'Leary
264 1 _bDimension Books,
_aDenville, New Jersey, USA :
_c[1984]
264 4 _c©1984
300 _a223 páginas
336 _atexto
_btxt
_2rdacontent
337 _2rdamedia
_asin mediación
_bn
338 _2rdacarrier
_avolumen
_bnc
563 _aRústico
653 _aTipos psicologicos
_aJesucristo
_aCarácter
700 _aNogosek, Robert J.
_911497
_eautor
700 _aO'Leary, Patrick H.,
_911498
_eautor
942 _cBK
945 _aElías Tolentino
999 _c35638
_d35638